000 01881cam a22005294i 4500
003 PE-LiUPU
005 20250731180101.0
008 150617s1980 ag a r 001 0 spa d
035 _a(Sirsi) a17707
040 _aPE-LiUPU
_bspa
_cPE-LiUPU
_dPE-LiUPU
_erda
049 _aPRUA
082 0 4 _a512
_bR77
_221
100 1 _aRojo, Armando O.,
_eautor.
245 1 0 _aÁlgebra II /
_cArmando Rojo O.
264 1 _aBuenos Aires :
_bEl Ateneo,
_c1980.
300 _a395 páginas :
_bilustraciones ;
_c23 centímetros
336 _atext
_2rdacontent
337 _aunmediated
_2rdamedia
338 _avolume
_2rdacarrier
504 _aÍndice: páginas 393-395.
505 0 _aEstructura de espacio vectorial -- Dependencia e independencia lineal -- Transformaciones lineales -- Matrices -- Determinantes -- Sistemas lineales -- Productos interior -- Valores y vectores propios -- Formas bilineales y cuadráticas -- Convexidad.
526 _aSEG44
526 _aSEG26
526 _aP159
526 _aP155
526 _aP154
526 _aP153
526 _aP150
526 _aP100
526 _aP31
526 _aP30
526 _aP26
526 _aP25
526 _aP24
526 _aP22
526 _aP15
526 _aP10
650 1 4 _aÁlgebra.
_920
910 _ajck
_bjvq
_cjck
_d20150616
910 _bksl
_cksl
_d20190509
942 _2ddc
_cBOOK
949 _a512 R77
_wDEWEY
_c1
_i23656
_lCCODEBUL1
_mBUL
_p38.00
_r0
_sY
_tBOOK
_u19850530
_xEDUCACION
_zUNKNOWN
_0COMPRA
_o.STAFF. Colección Ciencias Humanas y Educación
994 _aC0
_bPEPRU
596 _a1
999 _a512 R77
_wDEWEY
_c17317
_i23656
_d17317
_e2018-6-19
_f2021-11-8
_g6
_lCCODEBUL1
_mBUL
_n2
_p38.00
_q2
_r0
_sY
_tBOOK
_u2015-6-17
_xEDUCACION
_PP20
_0COMPRA
_o.STAFF. Colección Ciencias Humanas y Educación
980 _81
_gALBERTO SANCHEZ Responsable de Automatización